<?xml version="1.0" encoding="UTF-8"?>
<record
    xmlns:xsi="http://www.w3.org/2001/XMLSchema-instance"
    xsi:schemaLocation="http://www.loc.gov/MARC21/slim http://www.loc.gov/standards/marcxml/schema/MARC21slim.xsd"
    xmlns="http://www.loc.gov/MARC21/slim">

  <leader>00507nam a2200169Ia 4500</leader>
  <controlfield tag="008">230718s9999    xx            000 0 und d</controlfield>
  <datafield tag="020" ind1=" " ind2=" ">
    <subfield code="a">9789332518407</subfield>
  </datafield>
  <datafield tag="041" ind1=" " ind2=" ">
    <subfield code="a">eng</subfield>
  </datafield>
  <datafield tag="082" ind1=" " ind2=" ">
    <subfield code="a">004.165</subfield>
    <subfield code="b">MAZ</subfield>
  </datafield>
  <datafield tag="100" ind1=" " ind2=" ">
    <subfield code="a">Mazidi M.A.</subfield>
  </datafield>
  <datafield tag="245" ind1=" " ind2=" ">
    <subfield code="a">AVR Microcontroller And Embedded Systems </subfield>
    <subfield code="b">Using Assembly And C</subfield>
  </datafield>
  <datafield tag="260" ind1=" " ind2=" ">
    <subfield code="c">2015</subfield>
    <subfield code="b">Pearson</subfield>
  </datafield>
  <datafield tag="300" ind1=" " ind2=" ">
    <subfield code="a">743</subfield>
    <subfield code="d">Ref 872 I (49555)</subfield>
  </datafield>
  <datafield tag="365" ind1=" " ind2=" ">
    <subfield code="c">Rs.</subfield>
    <subfield code="b">919.00</subfield>
  </datafield>
  <datafield tag="700" ind1=" " ind2=" ">
    <subfield code="a">Mazidi M.A.; Naimi S. &amp; Naimi S.</subfield>
  </datafield>
  <datafield tag="906" ind1=" " ind2=" ">
    <subfield code="d">O:0603114-Aug-2018B:914113-Aug-2018</subfield>
    <subfield code="c">TI</subfield>
    <subfield code="b">1194.7</subfield>
  </datafield>
  <datafield tag="999" ind1=" " ind2=" ">
    <subfield code="c">348105</subfield>
    <subfield code="d">348105</subfield>
  </datafield>
  <datafield tag="952" ind1=" " ind2=" ">
    <subfield code="0">0</subfield>
    <subfield code="1">0</subfield>
    <subfield code="4">0</subfield>
    <subfield code="7">0</subfield>
    <subfield code="a">CCEP</subfield>
    <subfield code="b">CCEP</subfield>
    <subfield code="d">2018-08-14</subfield>
    <subfield code="e">The Forward Books</subfield>
    <subfield code="f">TI</subfield>
    <subfield code="g">680.06</subfield>
    <subfield code="i">9141</subfield>
    <subfield code="l">5</subfield>
    <subfield code="o">004.165</subfield>
    <subfield code="p">CCEP-BK-59312</subfield>
    <subfield code="r">2026-03-13 14:25:40</subfield>
    <subfield code="s">2026-02-26</subfield>
    <subfield code="t">1194.7</subfield>
    <subfield code="v">919.00</subfield>
    <subfield code="w">2018-08-13</subfield>
    <subfield code="y">BK</subfield>
    <subfield code="z">059312</subfield>
  </datafield>
</record>
